Atatürk'ü tanımak (Kayıt no. 10751)

MARC ayrıntıları
000 -BAŞLIK
Sabit Uzunlukta Kontrol Alanı 00647na a2200229 4500
001 - KONTROL NUMARASI
Denetim Alanı 24230
003 - KONTROL NUMARASI IDENTIFIER
Denetim Alanı MIRAKIL
005 - SON İŞLEM TARİHİ VE ZAMANI
Denetim Alanı 20181213155332.0
008 - SABİT-BOY VERİ ELEMANLARI - GENEL BİLGİLER
Sabit Uzunlukta Kontrol Alanı 180704b tu 000 0
040 ## - KATALOGLAMA KAYNAK
Orijinal Kataloglama Ajansı Milas
Kataloglama Dili tur
Metne Dönüştürmek Ajansı TR-AnCHP
041 ## - DİL KODU
Metin / Ses Parça Veya Ayrı Başlığın Dil Kodu tur
082 ## - DEWEY ONLU SINIFLANDIRMA NUMARASI
Sınıflandırma Numarası ATA 923.156
Ürün Numarası K66a t.y.
090 ## - SINIFLAMA NUMARASI
Sınıflama Numarası ATA 923.156 K66a t.y.
100 ## - ANA GİRİŞ - KİŞİSEL İSİM
Kişisel Ad Kopuz, Kemal
245 ## - BAŞLIK TABLOSU
Başlık Atatürk'ü tanımak
Sorumluluk Tablosu, Vb Kemal Kopuz
250 ## - EDITION TABLOSU
Baskı Beyanı gnşl. 2. bs.
260 ## - YAYIN, DAĞITIM, VB
Yayın, Dağıtım, Vb Yeri Ankara
Yayıncı, Dağıtıcı, Vs Adı [yayl.y.]
Yayın, Dağıtım, Vb Tarihi [t.y.]
Üretici Firma Ankamat Matbaacılık
300 ## - FİZİKSEL TANIM
Kapsam 720 s.
Diğer Fiziksel Ayrıntıları fotğ.
Boyutlar 27 sm.
600 ## - KONU KATMA GİRİŞ - KURUMSAL ADI
Kişisel Ad Atatürk, Mustafa Kemal
Bir Adıyla İlişkilendirilen Tarihler 1881-1938
Genel Alt Bölümü Yaşamöyküsü
650 ## - KONU KATMA GİRİŞ - TOPİKAL DÖNEM
Topikal Süreli Veya Coğrafi Ad Giriş Elemanı Türkiye
Genel Alt Bölümü Tarih
942 ## - EKLENDİ GİRİŞ ELEMANLARI (KOHA)
Sınıflandırma Veya Raf Düzeni Kaynak
Koha Öğesi Türü Kitaplar
999 ## - SİSTEM KONTROL NUMARALARI (KOHA)
Koha Biblionumber 10751
Koha Biblioitemnumber 10751
Mevcut
Kalıcı Konum Mevcut Konum Edinme Tarihi Edinim Kaynak Toplam Check-Out'Lar Tam Çağrı Numarası Barkod Tarih Son Görülme İtibaren Geçerli Fiyatlar Koha Öğesi Türü Kopya Sayısı
CHP Kütüphanesi CHP Kütüphanesi 07/04/2018 Bağış   ATA 923.156 K66a t.y. 018241 07/04/2018 07/04/2018 Kitaplar  
CHP Kütüphanesi CHP Kütüphanesi 07/04/2018 Bağış   ATA 923.156 K66a t.y. 018242 07/04/2018 07/04/2018 Kitaplar k.2